| 000 | 00419nam a22001697a 4500 | ||
|---|---|---|---|
| 005 | 20160630121646.0 | ||
| 008 | 160630b xxu||||| |||| 00| 0 eng d | ||
| 020 | _a81-219-0909-0 19710 | ||
| 041 | _aeng | ||
| 082 | _b19710 | ||
| 100 |
_aArora C L _93303 |
||
| 245 | _aB Sc Practical Physics | ||
| 260 |
_aNew Delhi _bSultan Chand & Sons, _c2014 |
||
| 300 | _a679 | ||
| 650 |
_aDiploma Engineering _9817 |
||
| 942 | _cBK | ||
| 999 |
_c4918 _d4916 |
||